| 000 | 003550000a22001210004500 | ||
|---|---|---|---|
| 090 |
_aAR _b04170 |
||
| 245 | 1 | 0 | _aEcology and behavior of burying beetles |
| 500 | _a<Literatura de escarabajos coprófagos> | ||
| 041 | 0 | _aInglés | |
| 100 | 1 |
_aPellissier Scott, Michelle _998079 |
|
| 942 | _cARTICULO | ||
| 773 | 1 |
_tAnnual Review of Entomology _q595-618 _d1998 _g43 |
|
| 999 |
_c13268 _d13268 |
||